The blackberry ; (Record no. 142869)

MARC details
000 -LEADER
fixed length control field 00571nam a22001817a 4500
005 - DATE AND TIME OF LATEST TRANSACTION
control field 20170726141613.0
010 ## - LCCN (DPL NO)
LC control number ENG-119436
020 ## - INTERNATIONAL STANDARD BOOK NUMBER
International Standard Book Number 9788190891639
Terms of availability 250.00
035 ## - SYSTEM CONTROL NUMBER
System control number EN-102968
037 ## - SOURCE OF ACQUISITION
Source of stock number/acquisition DBAD/PUB
082 ## - DEWEY DECIMAL CLASSIFICATION NUMBER
Classification number 338.17471309452
100 ## - MAIN ENTRY--PERSONAL NAME
Personal name Kour, Kiran
245 ## - TITLE STATEMENT
Title The blackberry ;
Statement of responsibility, etc by Kiran kour
Remainder of title An underutilized himalyan fruit /
260 ## - PUBLICATION, DISTRIBUTION, ETC. (IMPRINT)
Place of publication, distribution, etc Jammu
Name of publisher, distributor, etc Yak Publishing Channel
Date of publication, distribution, etc 2013
270 ## - ADDRESS
Address Post Box No .130, Wadha Vehra
City Jammu
Postal code 180 001
300 ## - PHYSICAL DESCRIPTION
Extent vii, 55p. ;
Other physical details ill.
Dimensions 22cm (Hb)
942 ## - ADDED ENTRY ELEMENTS (KOHA)
Source of classification or shelving scheme Dewey Decimal Classification
Item type English Books
Classification part 338.17471309452
Call number suffix KOU
Holdings
Withdrawn status Lost status Not for loan Collection code Home library Current library Date acquired Source of acquisition Cost, normal purchase price Full call number Barcode Copy number Cost, replacement price Koha item type
    Not For Loan Non-fiction D.B.Act.Division D.B.Act.Division 26/07/2017 DBAD/PUB 250.00 338.17471309452 KOU EN-102968 1 250.00 English Books

© Delhi Public Library
Hit Counter
free hit counter